00491nam a22001217a 4500008004100000040005500041080002200096245010900118260008300227300001900310650002200329653001800351230612b |||||||| |||| 00| 0 eng d aNational Science LibrarycNational Science Library aR 378.4(058) bK3 aCommonwealth universities yearbook 1963 c/ The Association of Universities of the British Commonwealth  aLondon : bThe Association of Universities of the British Commonwealth, c1963 axxxii, 1826p.  aHigher education  aUniversities